书目信息 |
| 题名: |
装饰装修设计原理
|
|
| 作者: | 许炳权 主编 | |
| 分册: | ||
| 出版信息: | 北京 中国建材工业出版社 2007.06 |
|
| 页数: | 343页 | |
| 开本: | 26cm | |
| 丛书名: | 高等教育建筑装修专业系列教材 | |
| 单 册: | ||
| 中图分类: | TU238 | |
| 科图分类: | ||
| 主题词: | 建筑装饰--jian zhu zhuang shi--建筑设计--高等学校--教材 | |
| 电子资源: | ||
| ISBN: | 978-7-80227-249-1 | |
| 000 | 00988nam 2200265 450 | |
| 001 | 012007786310 | |
| 005 | 20071107135050.05 | |
| 010 | @a978-7-80227-249-1@dCNY36.00 | |
| 100 | @a20071107d2007 km y0chiy0120 ea | |
| 101 | 0 | @achi |
| 102 | @aCN@b110000 | |
| 105 | @aa a 000yy | |
| 106 | @ar | |
| 200 | 1 | @a装饰装修设计原理@Azhuang shi zhuang xiu she ji yuan li@f许炳权主编@Fxu bing quan zhu bian |
| 210 | @a北京@c中国建材工业出版社@d2007.06 | |
| 215 | @a343页@c图@d26cm | |
| 225 | 2 | @a高等教育建筑装修专业系列教材@Agao deng jiao yu jian zhu zhuang xiu zhuan ye xi lie jiao cai |
| 320 | @a有书目 (第343页)。 | |
| 330 | @a本书结合装饰装修设计师的工作内容和教学大纲要求而编写。内容包括:建筑设计知识、国内外装饰风格和流派等。 | |
| 410 | 0 | @12001 @a高等教育建筑装修专业系列教材 |
| 606 | 0 | @a建筑装饰@Ajian zhu zhuang shi@x建筑设计@x高等学校@j教材 |
| 690 | @aTU238@v4 | |
| 701 | 0 | @a许炳权@Axu bing quan@4主编 |
| 801 | 0 | @aCN@b@c20071107 |
| 905 | @b265505-07@dTU238@eX855@f3 | |
| 装饰装修设计原理/许炳权主编.-北京:中国建材工业出版社,2007.06 |
| 343页:图;26cm.-(高等教育建筑装修专业系列教材) |
| ISBN 978-7-80227-249-1:CNY36.00 |
| 本书结合装饰装修设计师的工作内容和教学大纲要求而编写。内容包括:建筑设计知识、国内外装饰风格和流派等。 |
| ● |
| 相关链接 |
|
|
|
正题名:装饰装修设计原理
索取号:TU238/X855
 
预约/预借
| 序号 | 登录号 | 条形码 | 馆藏地/架位号 | 状态 | 备注 |
| 1 | 265505 | 202655055 | 建筑库101/101建筑库 50排6列2层/ [索取号:TU238/X855] | 在馆 | |
| 2 | 265506 | 202655064 | 建筑库101/101建筑库 50排6列2层/ [索取号:TU238/X855] | 在馆 | |
| 3 | 265507 | 202655073 | 建筑库101/101建筑库 50排6列2层/ [索取号:TU238/X855] | 在馆 |